[Event "4NCL/Div3/CELT2 vs. FCA2"]
[Site "Staverton Park ENG"]
[Date "2009.02.08"]
[Round "6.3"]
[White "Larter, Nick"]
[Black "Elwin, Adrian G"]
[Result "1-0"]
[WhiteElo "1807"]
[BlackElo "2009"]
[PlyCount "69"]
[EventDate "2009.02.08"]
[SourceDate "2008.10.04"]

1. e4 c6 2. d4 d5 3. Nc3 dxe4 4. Bc4 Nf6 5. f3 e3 6. Bxe3 e6 7. g4 Bd6 8. Nge2
Nbd7 9. h4 Nb6 10. Bd3 Nbd5 11. Nxd5 Nxd5 12. Qd2 Qe7 13. O-O-O b5 14. h5 a5
15. g5 a4 16. g6 f6 17. gxh7 b4 18. Bg6+ Kd8 19. c4 bxc3 20. Nxc3 a3 21. Nxd5
axb2+ 22. Qxb2 exd5 23. Rd3 Ba3 24. Rxa3 Qxa3 25. Qxa3 Rxa3 26. h6 gxh6 27.
Bxh6 Rxa2 28. Bg7 Ra1+ 29. Kb2 Rxh1 30. Bxh8 Rh2+ 31. Kc1 Rh1+ 32. Kd2 Ke7 33.
Bg7 Rxh7 34. Bxh7 Kf7 35. Bh6 1-0

[Event "4NCL/Div3/CELT2 vs. FCA2"]
[Site "Staverton Park ENG"]
[Date "2009.02.08"]
[Round "6.4"]
[White "Kendall, Paul S N"]
[Black "Buttell, David"]
[Result "1-0"]
[WhiteElo "2063"]
[BlackElo "1714"]
[PlyCount "113"]
[EventDate "2009.02.08"]
[SourceDate "2008.10.04"]

1. e4 c5 2. c3 Nf6 3. e5 Nd5 4. d4 cxd4 5. Nf3 e6 6. cxd4 d6 7. Bb5+ Bd7 8.
Bxd7+ Nxd7 9. O-O Be7 10. Qe2 O-O 11. Nc3 Nxc3 12. bxc3 dxe5 13. dxe5 Rc8 14.
Rb1 b6 15. Nd4 Rxc3 16. Nb5 Rc5 17. f4 Rd5 18. Be3 Bc5 19. Nxa7 Bxe3+ 20. Qxe3
Nc5 21. Nc6 Rd3 22. Nxd8 Rxe3 23. Nc6 Ra8 24. Rxb6 g6 25. Rb8+ Rxb8 26. Nxb8
Ra3 27. Rc1 Nd3 28. Rc8+ Kg7 29. g3 Rxa2 30. Nd7 h5 31. Nf6 Rb2 32. Rg8+ Kh6
33. Ne4 Kh7 34. Rd8 Rb1+ 35. Kg2 Rb2+ 36. Kf1 Rb3 37. Ng5+ Kg7 38. Rd7 Rb1+ 39.
Ke2 Re1+ 40. Kd2 Nxe5 41. Rc7 Rf1 42. fxe5 Rf5 43. h4 Rxe5 44. Rxf7+ Kg8 45.
Rf6 Kg7 46. Rxe6 Rxe6 47. Nxe6+ Kf6 48. Ng5 Kf5 49. Ke3 Kg4 50. Kf2 Kf5 51. Kf3
Ke5 52. Ke3 Kf5 53. Kd4 Kg4 54. Ne4 Kf5 55. Kd5 Kg4 56. Ke5 Kf3 57. Kf6 1-0

[Event "4NCL/Div3/CELT2 vs. FCA2"]
[Site "Staverton Park ENG"]
[Date "2009.02.08"]
[Round "6.5"]
[White "Kitchen, Michael J"]
[Black "Matthews, Adrian"]
[Result "0-1"]
[WhiteElo "1715"]
[BlackElo "1924"]
[PlyCount "97"]
[EventDate "2009.02.08"]
[SourceDate "2008.10.04"]

1. Nf3 c5 2. e4 Nc6 3. d3 g6 4. g3 Bg7 5. Bg2 d6 6. O-O Nf6 7. h3 O-O 8. Re1
Ne5 9. c3 Qc7 10. Nxe5 dxe5 11. Qe2 Rd8 12. Rd1 b6 13. Nd2 Ba6 14. c4 Rd7 15.
b3 Rad8 16. Nf1 Bb7 17. Bb2 Ne8 18. Ne3 e6 19. h4 Nd6 20. Ng4 Nc8 21. Bc1 f6
22. h5 f5 23. Nh6+ Kh8 24. hxg6 hxg6 25. Bg5 Rf8 26. g4 Bxh6 27. Bxh6 Rff7 28.
g5 Kg8 29. Bf3 fxe4 30. Bxe4 Bxe4 31. Qxe4 Rf5 32. f4 Qd6 33. fxe5 Qd4+ 34.
Qxd4 Rxd4 35. Rd2 Ne7 36. Re1 Nc6 37. Rf1 Rg4+ 38. Rg2 Nxe5 39. Rxg4 Rxf1+ 40.
Kxf1 Nxg4 41. Ke2 Nxh6 42. gxh6 Kh7 43. Ke3 Kxh6 44. b4 cxb4 45. d4 Kg7 46. c5
bxc5 47. dxc5 Kf7 48. Kf4 Ke7 49. Kg5 0-1

[Event "4NCL/Div3/HAL vs. MIN"]
[Site "Staverton Park ENG"]
[Date "2009.02.08"]
[Round "6.1"]
[White "Pugh, Glyn D"]
[Black "Hardman, Michael J"]
[Result "0-1"]
[WhiteElo "2045"]
[BlackElo "2087"]
[PlyCount "58"]
[EventDate "2009.02.08"]
[SourceDate "2008.10.04"]

1. e4 d6 2. d4 Nf6 3. Nc3 e5 4. Nf3 Nbd7 5. Bc4 h6 6. h3 Be7 7. Be3 c6 8. dxe5
dxe5 9. Qe2 Qc7 10. a4 Nf8 11. O-O g5 12. Rad1 Ne6 13. Nd5 cxd5 14. exd5 Ng7
15. Bd2 O-O 16. Nxe5 Bd6 17. Nf3 Re8 18. Qd3 Bf5 19. Qb3 Rac8 20. Bd3 Bxd3 21.
Qxd3 Qxc2 22. Qxc2 Rxc2 23. Bc3 Ne4 24. Nd4 Nxc3 25. bxc3 Ra2 26. Rb1 b6 27.
Nb5 Bc5 28. Nxa7 Ree2 29. Nc6 Bxf2+ 0-1

[Event "4NCL/Div3/HAL vs. MIN"]
[Site "Staverton Park ENG"]
[Date "2009.02.08"]
[Round "6.2"]
[White "Taylor, Robert K"]
[Black "Lee, Darren"]
[Result "1/2-1/2"]
[WhiteElo "2106"]
[BlackElo "1950"]
[PlyCount "119"]
[EventDate "2009.02.08"]
[SourceDate "2008.10.04"]

1. e4 c5 2. Nf3 Nc6 3. d4 cxd4 4. Nxd4 Nf6 5. Nc3 e5 6. Ndb5 d6 7. Na3 a6 8.
Be3 b5 9. Nd5 Rb8 10. Nxf6+ gxf6 11. Qh5 Be6 12. Be2 Qc8 13. c4 b4 14. Nb1 f5
15. exf5 Bxf5 16. Nd2 Bg6 17. Qh4 Bg7 18. Ne4 Bxe4 19. Qxe4 Ne7 20. Bg4 Qb7 21.
Qxb7 Rxb7 22. Rd1 b3 23. axb3 Rxb3 24. Rxd6 O-O 25. Rxa6 f5 26. Bd1 Rxb2 27.
O-O Rc8 28. Rb6 Rxb6 29. Bxb6 Nc6 30. g4 Rb8 31. Bc7 Rc8 32. Bd6 Rd8 33. c5 Nd4
34. gxf5 Nxf5 35. Bb3+ Kh8 36. Bc7 Rc8 37. Bb6 Nd4 38. Bd5 Bf8 39. Bb7 Rb8 40.
Ba6 Ra8 41. Bd3 Rc8 42. Rc1 Bh6 43. Ra1 Bf8 44. Ra7 Bxc5 45. Rxh7+ Kg8 46. Bxc5
Rxc5 47. Ra7 Nf3+ 48. Kf1 Nxh2+ 49. Kg2 Ng4 50. Bf5 Nf6 51. Be6+ Kh8 52. f3 Nh5
53. Ba2 Nf4+ 54. Kg3 Rc2 55. Kg4 Re2 56. Bb1 Rb2 57. Be4 Rb5 58. Kf5 Kg8 59.
Bb1 Rxb1 60. Kxe5 1/2-1/2

[Event "4NCL/Div3/HAL vs. MIN"]
[Site "Staverton Park ENG"]
[Date "2009.02.08"]
[Round "6.4"]
[White "Twitchell, Neville H"]
[Black "Asbury, Jon A"]
[Result "1/2-1/2"]
[WhiteElo "1976"]
[BlackElo "1865"]
[PlyCount "173"]
[EventDate "2009.02.08"]
[SourceDate "2008.10.04"]

1. e4 e6 2. d4 d5 3. Nc3 dxe4 4. Nxe4 Nd7 5. Nf3 Ngf6 6. Bd3 Be7 7. Qe2 O-O 8.
Bg5 c5 9. h4 cxd4 10. O-O-O Qb6 11. Nxd4 Kh8 12. Nxf6 Bxf6 13. Qe4 g6 14. Bxf6+
Nxf6 15. Qe5 Qd8 16. Nf3 Qe7 17. Ng5 Kg8 18. Kb1 b6 19. Ne4 Nxe4 20. Bxe4 Bb7
21. h5 f6 22. Qf4 g5 23. Qe3 Bxe4 24. Qxe4 Rad8 25. h6 Rd7 26. a3 Rfd8 27. Rde1
Rd2 28. Qc4 Kf7 29. Qe4 Kg8 30. f4 R2d4 31. Qc6 R8d6 32. Qc8+ Qd8 33. Qxd8+
Rxd8 34. fxg5 fxg5 35. Rxe6 Rd1+ 36. Rxd1 Rxd1+ 37. Ka2 Kf7 38. Re2 Rd6 39. c4
Rxh6 40. b4 Re6 41. Rc2 h5 42. c5 Rc6 43. Kb3 b5 44. Re2 h4 45. Kc3 Rf6 46. Kd4
Re6 47. Rc2 Ke7 48. c6 Kd8 49. Kc5 Re3 50. Kxb5 Rxa3 51. Kc5 Kc7 52. b5 g4 53.
Rf2 h3 54. Rf7+ Kc8 55. gxh3 gxh3 56. Rh7 Kd8 57. Rh5 Kc7 58. Rh7+ Kd8 59. Kb4
Ra1 60. Rxh3 Kc7 61. Rh7+ Kc8 62. Rh4 Kc7 63. Rh7+ Kc8 64. Rh3 Kc7 65. Rg3 Kb6
66. Rg7 Rb1+ 67. Kc4 Rc1+ 68. Kd5 Kxb5 69. Rb7+ Ka6 70. Kd6 Rd1+ 71. Kc7 Rh1
72. Rb3 Rh7+ 73. Kd8 Rh8+ 74. Kd7 Rh7+ 75. Kd6 Rh6+ 76. Kc5 Rh5+ 77. Kc4 Rh6
78. Kc5 Rh5+ 79. Kd4 Rh6 80. Rc3 Rh8 81. Kc5 Rh5+ 82. Kb4 Rb5+ 83. Ka4 Ra5+ 84.
Kb3 Rb5+ 85. Kc2 Rb8 86. Kd3 Rb6 87. Kd4 1/2-1/2

[Event "4NCL/Div3/HAL vs. MIN"]
[Site "Staverton Park ENG"]
[Date "2009.02.08"]
[Round "6.6"]
[White "Chadwick, Susan E"]
[Black "Pitt, Christopher"]
[Result "1/2-1/2"]
[WhiteElo "1640"]
[BlackElo "1780"]
[PlyCount "79"]
[EventDate "2009.02.08"]
[SourceDate "2008.10.04"]

1. d4 Nf6 2. c4 g6 3. e3 Bg7 4. Bd3 O-O 5. Nf3 d6 6. Nc3 Nbd7 7. b3 Re8 8. O-O
e5 9. Qc2 c6 10. Bb2 Qe7 11. dxe5 dxe5 12. e4 Nc5 13. Ba3 b6 14. Na4 Nfd7 15.
Rfe1 Qe6 16. Nxc5 Nxc5 17. Rad1 Qf6 18. Bc1 Bg4 19. Bg5 Qe6 20. Be2 h6 21. Be3
Qe7 22. Nd2 Bxe2 23. Rxe2 Rad8 24. Ree1 Nd3 25. Rf1 f5 26. exf5 gxf5 27. Nf3 e4
28. Ne1 Ne5 29. Qe2 Qf7 30. f4 exf3 31. Nxf3 Ng4 32. Rxd8 Rxd8 33. Bf4 Re8 34.
Qd2 Qe7 35. Re1 Qc5+ 36. Kf1 Rxe1+ 37. Qxe1 Bc3 38. Qe8+ Kh7 39. Qf7+ Bg7 40.
Nd4 1/2-1/2

[Event "4NCL/Div3/AMCAR vs. NOTT2"]
[Site "Staverton Park ENG"]
[Date "2009.02.08"]
[Round "6.1"]
[White "Mitchell, Stephen R"]
[Black "Taylor, Robert P"]
[Result "1/2-1/2"]
[WhiteElo "2032"]
[BlackElo "1956"]
[PlyCount "54"]
[EventDate "2009.02.08"]
[SourceDate "2008.10.04"]

1. d4 d5 2. Bg5 Bf5 3. e3 c6 4. Nc3 Nd7 5. Bd3 Bxd3 6. cxd3 Qb6 7. Rb1 e6 8.
Nge2 Bd6 9. O-O Ngf6 10. Bf4 Qc7 11. b4 e5 12. dxe5 Bxe5 13. d4 Bd6 14. b5 Nb6
15. bxc6 bxc6 16. Bxd6 Qxd6 17. Nf4 O-O 18. Nd3 Rfe8 19. Rb3 Re6 20. Nc5 Re7
21. a4 Nc4 22. h3 Rae8 23. Re1 Nd7 24. Nxd7 Rxd7 25. Qd3 Na5 26. Rb2 Nc4 27.
Rb3 Na5 1/2-1/2

[Event "4NCL/Div3/AMCAR vs. NOTT2"]
[Site "Staverton Park ENG"]
[Date "2009.02.08"]
[Round "6.2"]
[White "Thompson, Brian"]
[Black "Stayt, James N"]
[Result "1-0"]
[WhiteElo "1938"]
[BlackElo "2026"]
[PlyCount "79"]
[EventDate "2009.02.08"]
[SourceDate "2008.10.04"]

1. d4 Nf6 2. Nf3 g6 3. Nc3 d6 4. e4 c6 5. Be3 Bg7 6. Qd2 b5 7. Bd3 Qa5 8. O-O
O-O 9. Bh6 b4 10. Ne2 Ba6 11. Bxg7 Kxg7 12. a3 Bxd3 13. cxd3 Qb5 14. axb4 Na6
15. Ra5 Qb7 16. e5 Nd5 17. b5 cxb5 18. Nf4 Nxf4 19. Qxf4 d5 20. h4 Nc7 21. h5
h6 22. e6 fxe6 23. Qe5+ Rf6 24. hxg6 Kxg6 25. Rc1 Ne8 26. Qg3+ Kh7 27. Rc5 Nd6
28. Qh3 Rg8 29. Ne5 a6 30. Rc6 Ra8 31. Ra1 a5 32. Rac1 Rc8 33. Rxc8 Nxc8 34.
Ng4 Rg6 35. Ne5 Rf6 36. Re1 Qa6 37. Nd7 e5 38. Nxf6+ exf6 39. Qd7+ Kg8 40. Rc1
1-0

[Event "4NCL/Div3/AMCAR vs. NOTT2"]
[Site "Staverton Park ENG"]
[Date "2009.02.08"]
[Round "6.3"]
[White "Tart, Peter K"]
[Black "Cranmer, Stan"]
[Result "1/2-1/2"]
[WhiteElo "2005"]
[BlackElo "1890"]
[PlyCount "68"]
[EventDate "2009.02.08"]
[SourceDate "2008.10.04"]

1. e4 Nc6 2. Nf3 Nf6 3. e5 Nd5 4. d4 e6 5. c4 Bb4+ 6. Bd2 Nb6 7. Bxb4 Nxb4 8.
a3 Na6 9. Nc3 d6 10. exd6 cxd6 11. Bd3 Nd7 12. O-O Nf6 13. b4 Nc7 14. Qc2 O-O
15. Rad1 Bd7 16. Ne4 Nce8 17. c5 Rc8 18. Qe2 Bc6 19. Neg5 Qe7 20. d5 Bxd5 21.
Bxh7+ Nxh7 22. Rxd5 Nxg5 23. Rxg5 f6 24. cxd6 Nxd6 25. Rh5 Kf7 26. Re1 Rh8 27.
Rxh8 Rxh8 28. Nd4 e5 29. Qa2+ Ke8 30. Qd5 Rh4 31. Nb3 b6 32. Rd1 Kd7 33. Qb7+
Ke6 34. Qd5+ Kd7 1/2-1/2

[Event "4NCL/Div3/AMCAR vs. NOTT2"]
[Site "Staverton Park ENG"]
[Date "2009.02.08"]
[Round "6.4"]
[White "Graham, Neil"]
[Black "Tunstall, George"]
[Result "0-1"]
[WhiteElo "1925"]
[BlackElo "2014"]
[PlyCount "96"]
[EventDate "2009.02.08"]
[SourceDate "2008.10.04"]

1. d4 d5 2. e4 dxe4 3. Nc3 Nf6 4. f3 exf3 5. Nxf3 Bf5 6. Ne5 c6 7. Bc4 e6 8.
O-O Bg6 9. Bg5 Be7 10. Kh1 O-O 11. Nxg6 hxg6 12. Qd2 Nbd7 13. Rf3 b5 14. Bd3 b4
15. Ne2 Nd5 16. Bxe7 Qxe7 17. Raf1 e5 18. Rh3 Rae8 19. Bc4 N7b6 20. Bb3 a5 21.
dxe5 Qxe5 22. Nd4 c5 23. Nc6 Qe2 24. Qxe2 Rxe2 25. Nxa5 Ne3 26. Rg1 c4 27. Rxe3
Rxe3 28. Nxc4 Nxc4 29. Bxc4 Rfe8 30. Rf1 R8e7 31. Kg1 Kf8 32. Kf2 R3e4 33. Bd3
Rf4+ 34. Kg1 Rxf1+ 35. Kxf1 g5 36. Be2 Re5 37. Ke1 Ke7 38. Kd2 Kd6 39. Bc4 f5
40. c3 Kc5 41. Bd3 f4 42. Kc2 g4 43. cxb4+ Kxb4 44. Kd2 f3 45. gxf3 gxf3 46.
Bf1 Kc5 47. a3 Kd4 48. b3 Re3 0-1

[Event "4NCL/Div3/AMCAR vs. NOTT2"]
[Site "Staverton Park ENG"]
[Date "2009.02.08"]
[Round "6.5"]
[White "Marley, Andrew"]
[Black "Myers, Richard"]
[Result "0-1"]
[WhiteElo "1805"]
[BlackElo "1840"]
[PlyCount "44"]
[EventDate "2009.02.08"]
[SourceDate "2008.10.04"]

1. d4 d5 2. c4 Nf6 3. cxd5 Nxd5 4. e4 Nf6 5. Nc3 e5 6. dxe5 Qxd1+ 7. Kxd1 Ng4
8. Ke1 Bc5 9. Nh3 Nxe5 10. Be2 Nbc6 11. Bf4 O-O 12. Rd1 Re8 13. Nd5 Bd6 14. Bg3
Nb4 15. f4 Nxd5 16. Rxd5 Bb4+ 17. Kd1 Ng4 18. Bf2 Be6 19. Bxg4 Bxg4+ 20. Kc1
Rxe4 21. a3 Bd6 22. Bg3 Rae8 0-1

[Event "4NCL/Div3/AMCAR vs. NOTT2"]
[Site "Staverton Park ENG"]
[Date "2009.02.08"]
[Round "6.6"]
[White "Willoughby, Robert"]
[Black "Bunn, Matthew"]
[Result "0-1"]
[WhiteElo "1810"]
[BlackElo "1840"]
[PlyCount "94"]
[EventDate "2009.02.08"]
[SourceDate "2008.10.04"]

1. d4 Nf6 2. c4 g6 3. Nc3 Bg7 4. e4 d6 5. f4 O-O 6. Be2 c5 7. d5 Nbd7 8. Nf3 a6
9. a4 Ng4 10. h3 Nh6 11. g4 f5 12. exf5 gxf5 13. g5 Nf7 14. Rg1 Qe8 15. g6 hxg6
16. Rxg6 Nf6 17. Kf2 Kh8 18. Qg1 Bh6 19. Nh4 Rg8 20. Be3 Bd7 21. Qg3 Rxg6 22.
Nxg6+ Kh7 23. Rg1 Nh8 24. Nxh8 Kxh8 25. Qh4 Kh7 26. b3 Qf7 27. Rg5 Rg8 28. Bd3
e5 29. dxe6 Bxe6 30. Kf3 Rg6 31. Bxf5 Bxf5 32. Rxf5 Qg7 33. Nd5 Nxd5 34. Rxd5
Qb2 35. Rg5 Re6 36. Qh5 Rf6 37. Rf5 Rxf5 38. Qxf5+ Kg7 39. Qd7+ Kh8 40. Qxd6
Bg7 41. Qb8+ Kh7 42. Qxb7 Qh2 43. Qe4+ Kh8 44. Kg4 Qe2+ 45. Qf3 Qd3 46. Bxc5
Qg6+ 47. Kh4 Bf6# 0-1

[Event "4NCL/Div3/SCS vs. LIT2"]
[Site "Staverton Park ENG"]
[Date "2009.02.08"]
[Round "6.1"]
[White "Fonseca, Antonio"]
[Black "Jones, Christopher M"]
[Result "0-1"]
[WhiteElo "1875"]
[BlackElo "1950"]
[PlyCount "65"]
[EventDate "2009.02.08"]
[SourceDate "2008.10.04"]

1. e4 e5 2. Nf3 Nc6 3. Bc4 Bc5 4. d3 Nf6 5. Bg5 d6 6. h3 Na5 7. Bb5+ c6 8. Ba4
b5 9. Bb3 Nxb3 10. axb3 h6 11. Bh4 Qb6 12. Qd2 b4 13. Bxf6 gxf6 14. O-O Be6 15.
Nh4 O-O-O 16. Nf5 d5 17. Ne7+ Bxe7 18. exd5 Bxd5 19. Kh2 Rhg8 20. g3 h5 21. Qe2
h4 22. Nd2 Rg6 23. Qh5 hxg3+ 24. fxg3 Qe3 25. Qf5+ Be6 26. Qf2 Qxf2+ 27. Rxf2
Bc5 28. Rf3 Bd5 29. Rf5 Rh8 30. h4 Rhg8 31. Ne4 Bxe4 32. dxe4 Rxg3 33. Rxf6 0-1

[Event "4NCL/Div3/SCS vs. LIT2"]
[Site "Staverton Park ENG"]
[Date "2009.02.08"]
[Round "6.2"]
[White "Ireland, David J"]
[Black "Bogoda, Sagara T"]
[Result "1-0"]
[WhiteElo "1997"]
[BlackElo "1870"]
[PlyCount "59"]
[EventDate "2009.02.08"]
[SourceDate "2008.10.04"]

1. e4 e6 2. c4 d5 3. cxd5 exd5 4. exd5 Qxd5 5. Nc3 Qa5 6. Bc4 Nf6 7. Qb3 Qe5+
8. Nge2 Qe7 9. O-O Nbd7 10. d4 Nb6 11. Bg5 Nxc4 12. Qxc4 Qd7 13. Bxf6 gxf6 14.
Nd5 Kd8 15. Nxf6 Qe6 16. Qxe6 Bxe6 17. d5 Bf5 18. Ng3 Bg6 19. Nge4 Bg7 20. Rfe1
h5 21. Re2 Ke7 22. d6+ cxd6 23. Nd5+ Kd7 24. Nef6+ Kd8 25. Rae1 Bxf6 26. Nxf6
Kc7 27. Rc1+ Kd8 28. f3 Bf5 29. Rd1 Kc7 30. Re7+ 1-0

[Event "4NCL/Div3/SCS vs. LIT2"]
[Site "Staverton Park ENG"]
[Date "2009.02.08"]
[Round "6.3"]
[White "Lutton, J Arnold"]
[Black "Jaszkiwskyj, Peter"]
[Result "1/2-1/2"]
[WhiteElo "1847"]
[BlackElo "2020"]
[PlyCount "85"]
[EventDate "2009.02.08"]
[SourceDate "2008.10.04"]

1. e4 e5 2. Nf3 Nc6 3. Bc4 Nf6 4. O-O Be7 5. Re1 d6 6. d4 Bg4 7. c3 O-O 8. d5
Nb8 9. Bd3 Nbd7 10. b4 a5 11. a4 h6 12. Be3 Nh7 13. Nbd2 f5 14. exf5 Bxf5 15.
Bxf5 Rxf5 16. Ne4 Rf8 17. Qd3 Qe8 18. Ng3 Ndf6 19. b5 Qf7 20. c4 Ng4 21. h3
Nxe3 22. Rxe3 Bg5 23. Re2 Bf4 24. Ne4 b6 25. Ra3 Rae8 26. Nfd2 Qh5 27. Ng3 Bxg3
28. fxg3 Re7 29. g4 Qg5 30. Qe3 Qxe3+ 31. Raxe3 Ref7 32. Rf3 Nf6 33. Kf2 Nd7
34. Ne4 Rf4 35. Ke3 g5 36. Ref2 Kg7 37. g3 Rxf3+ 38. Rxf3 Rxf3+ 39. Kxf3 Kg6
40. h4 Nf8 41. h5+ Kg7 42. Ke3 Nd7 43. Kf3 1/2-1/2

[Event "4NCL/Div3/SCS vs. LIT2"]
[Site "Staverton Park ENG"]
[Date "2009.02.08"]
[Round "6.4"]
[White "Mapletoft, Alexander J"]
[Black "Ballard, Edward"]
[Result "1-0"]
[WhiteElo "1925"]
[BlackElo "1375"]
[PlyCount "123"]
[EventDate "2009.02.08"]
[SourceDate "2008.10.04"]

1. e4 e5 2. Nf3 Nc6 3. Nc3 Nf6 4. Bb5 Bb4 5. O-O O-O 6. Bxc6 Bxc3 7. Bxd7 Bxd2
8. Bxc8 Bxc1 9. Bxb7 Bxb2 10. Rb1 Bd4 11. Bxa8 Qxa8 12. Nxd4 exd4 13. Qxd4 Nxe4
14. Rfe1 Nf6 15. Qc5 Rc8 16. Qb5 a6 17. Qb7 Nd5 18. Qxa8 Rxa8 19. Rb7 h6 20.
Reb1 Nc3 21. Rb8+ Rxb8 22. Rxb8+ Kh7 23. a3 Nb5 24. a4 Na3 25. c3 Nc4 26. Rb7
Nb6 27. a5 Nc4 28. Rxc7 Nxa5 29. Rxf7 Nb3 30. f3 a5 31. Ra7 Kg6 32. Kf2 Kf6 33.
Ke3 g5 34. Kd3 Nc5+ 35. Kc4 Ne6 36. Rxa5 Nf4 37. g3 Ng6 38. Ra6+ Kf5 39. Rxg6
Kxg6 40. Kd5 Kf7 41. c4 Ke7 42. c5 Kd7 43. Ke5 h5 44. Kf5 g4 45. fxg4 hxg4 46.
Kxg4 Kc6 47. h4 Kxc5 48. h5 Kd6 49. h6 Kd5 50. h7 Kd4 51. h8=Q+ Ke4 52. Qe8+
Kd5 53. Kf5 Kd4 54. Qe4+ Kc5 55. Qd3 Kc6 56. Ke5 Kc7 57. Qd6+ Kb7 58. Qc5 Kb8
59. Qe7 Kc8 60. Kd6 Kb8 61. Kc6 Ka8 62. Qb7# 1-0

[Event "4NCL/Div3/SCS vs. LIT2"]
[Site "Staverton Park ENG"]
[Date "2009.02.08"]
[Round "6.5"]
[White "Swain, William"]
[Black "Watkinson, Phil K"]
[Result "0-1"]
[WhiteElo "1375"]
[BlackElo "1950"]
[PlyCount "90"]
[EventDate "2009.02.08"]
[SourceDate "2008.10.04"]

1. Nf3 Nf6 2. Nc3 d5 3. d4 Bf5 4. Bf4 e6 5. e3 Bd6 6. Ne5 O-O 7. Nd3 b6 8. Bxd6
Qxd6 9. Nb5 Qe7 10. Be2 c5 11. c3 Nc6 12. Rc1 e5 13. O-O e4 14. Ne1 Rfd8 15. b4
a6 16. Na3 cxd4 17. cxd4 Nxb4 18. Qb3 Rac8 19. Rb1 a5 20. Nec2 Nxc2 21. Nxc2
Rb8 22. Na3 Rdc8 23. Ba6 Rc6 24. Qb5 Bd7 25. Qb2 b5 26. Bxb5 Rcb6 27. Qe2 Qxa3
28. Bxd7 Rxb1 29. h3 Rxf1+ 30. Qxf1 Nxd7 31. Qa1 Qb2 32. Qxb2 Rxb2 33. a3 Ra2
34. g3 Rxa3 35. h4 Rd3 36. Kf1 a4 37. Kg2 a3 38. Kf1 a2 39. Kg2 a1=Q 40. Kh3 f5
41. g4 Qh1+ 42. Kg3 Qf3+ 43. Kh2 fxg4 44. Kg1 Rd1+ 45. Kh2 Qh3# 0-1

[Event "4NCL/Div3/SCS vs. LIT2"]
[Site "Staverton Park ENG"]
[Date "2009.02.08"]
[Round "6.6"]
[White "Deacon, Paul"]
[Black "Perera, Asel"]
[Result "1-0"]
[WhiteElo "1930"]
[BlackElo "1425"]
[PlyCount "67"]
[EventDate "2009.02.08"]
[SourceDate "2008.10.04"]

1. e4 e5 2. Nf3 Nc6 3. Nc3 Nf6 4. Nxe5 Nxe5 5. d4 Bd6 6. dxe5 Bxe5 7. Bd3 d6 8.
O-O O-O 9. Bg5 Be6 10. f4 Bd4+ 11. Kh1 Qe8 12. Bb5 c6 13. Qxd4 Qe7 14. Bd3 c5
15. Qf2 b6 16. e5 Rad8 17. exf6 gxf6 18. Bh6 Kh8 19. Bxf8 Qxf8 20. Qh4 Qg7 21.
Rf3 Rg8 22. Rg3 f5 23. Rxg7 Rxg7 24. Qf6 h6 25. Qxh6+ Kg8 26. Re1 Bd7 27. Bxf5
Kf8 28. Qxd6+ Kg8 29. Bxd7 Kh7 30. Re3 Rg6 31. Rh3+ Kg7 32. Qe5+ Kf8 33. Qe8+
Kg7 34. Qh8# 1-0

[Event "4NCL/Div3/OXF3 vs. AMCAH"]
[Site "Staverton Park ENG"]
[Date "2009.02.08"]
[Round "6.1"]
[White "Jeffries, Majid"]
[Black "Periasamymanjula, Mani"]
[Result "1-0"]
[WhiteElo "1997"]
[BlackElo "1718"]
[PlyCount "121"]
[EventDate "2009.02.08"]
[SourceDate "2008.10.04"]

1. Nf3 d5 2. e3 Nf6 3. c4 e6 4. b3 c5 5. Bb2 Nc6 6. cxd5 exd5 7. d4 cxd4 8.
Nxd4 Bb4+ 9. Bc3 Bxc3+ 10. Nxc3 O-O 11. Be2 Be6 12. O-O Ne7 13. Rc1 a6 14. Bf3
Qd7 15. Na4 Qd6 16. Qd2 Bg4 17. h3 Bxf3 18. Nxf3 Ne4 19. Qd3 b5 20. Nc3 f5 21.
Ne2 Ng6 22. Rfd1 Rad8 23. Ned4 Ne7 24. Rc2 Rc8 25. Rdc1 Rxc2 26. Rxc2 h6 27.
Nd2 Nxd2 28. Qxd2 b4 29. Qc1 a5 30. Rc7 Rd8 31. Qc5 Qxc5 32. Rxc5 Ra8 33. Rc7
Kf8 34. Ne6+ Kf7 35. Nxg7 Kxg7 36. Rxe7+ Kf6 37. Rh7 Kg6 38. Rd7 a4 39. Rd6+
Kg5 40. Rxd5 axb3 41. axb3 Ra1+ 42. Kh2 Rb1 43. g4 Rxb3 44. Kg3 Rb1 45. Rxf5+
Kg6 46. Rb5 b3 47. Kf4 b2 48. Rb6+ Kg7 49. Kf5 Rh1 50. Rb7+ Kf8 51. Rxb2 Rxh3
52. Kg6 Rh4 53. Rb4 Rh2 54. Rb8+ Ke7 55. f4 Rh4 56. Rb7+ Kf8 57. Kf5 Kg8 58. e4
Kf8 59. e5 Rh1 60. Kf6 Ke8 61. e6 1-0

[Event "4NCL/Div3/OXF3 vs. AMCAH"]
[Site "Staverton Park ENG"]
[Date "2009.02.08"]
[Round "6.2"]
[White "Ward, Matthew J"]
[Black "Foster, James M"]
[Result "0-1"]
[WhiteElo "1760"]
[BlackElo "1945"]
[PlyCount "34"]
[EventDate "2009.02.08"]
[SourceDate "2008.10.04"]

1. e4 e6 2. d4 d5 3. e5 c5 4. c3 Qb6 5. a3 Nc6 6. Nf3 cxd4 7. cxd4 Nge7 8. Bd3
Bd7 9. Bc2 Ng6 10. Nc3 Be7 11. O-O Nh4 12. Nxh4 Bxh4 13. Na4 Qxd4 14. Qe2 Qxe5
15. Qg4 Qd4 16. Qf3 Ne5 17. Qe2 Bxa4 0-1

[Event "4NCL/Div3/OXF3 vs. AMCAH"]
[Site "Staverton Park ENG"]
[Date "2009.02.08"]
[Round "6.3"]
[White "Terry, Sean"]
[Black "Malhotra, Tarun"]
[Result "1/2-1/2"]
[WhiteElo "1870"]
[BlackElo "1730"]
[PlyCount "100"]
[EventDate "2009.02.08"]
[SourceDate "2008.10.04"]

1. d4 Nf6 2. c4 g6 3. Nc3 Bg7 4. Bg5 h6 5. Bh4 d6 6. e3 O-O 7. h3 c5 8. Nf3 a6
9. Be2 b6 10. O-O Bb7 11. Re1 Re8 12. Bf1 cxd4 13. exd4 Nbd7 14. Qd2 Bxf3 15.
gxf3 Kh7 16. Bd3 Nb8 17. d5 Nbd7 18. f4 Nc5 19. Bc2 Qc8 20. f5 g5 21. Bg3 Ncd7
22. f4 Qxc4 23. fxg5 hxg5 24. Qxg5 Bh6 25. Qh4 Qxh4 26. Bxh4 Rac8 27. Re2 Bg7
28. Rae1 Ne5 29. Kf2 Kh8 30. Bg5 Nfd7 31. Rg1 f6 32. Bf4 Rc4 33. Ke3 Rcc8 34.
Reg2 Rg8 35. Bb3 Kh7 36. Ne2 Bh6 37. Bxh6 Rxg2 38. Rxg2 Kxh6 39. Nd4 Nc5 40.
Ne6 Nxe6 41. fxe6 Rc1 42. Rg8 Ng6 43. Kd2 Rh1 44. Bc2 Rh2+ 45. Kc3 Rxh3+ 46.
Bd3 Kh7 47. Re8 Kg7 48. Kc2 Rh2+ 49. Kc1 Rh1+ 50. Kc2 Rh2+ 1/2-1/2

[Event "4NCL/Div3/OXF3 vs. AMCAH"]
[Site "Staverton Park ENG"]
[Date "2009.02.08"]
[Round "6.4"]
[White "Meechan, Catriona"]
[Black "Lai, Yi Ming"]
[Result "1/2-1/2"]
[WhiteElo "1780"]
[BlackElo "1835"]
[PlyCount "30"]
[EventDate "2009.02.08"]
[SourceDate "2008.10.04"]

1. Nf3 f5 2. d4 Nf6 3. e3 e6 4. Bd3 Bb4+ 5. Bd2 Bxd2+ 6. Nbxd2 d6 7. Qe2 O-O 8.
c3 Nc6 9. O-O-O Re8 10. Rhe1 e5 11. dxe5 dxe5 12. e4 f4 13. Bc4+ Be6 14. Ng5
Bxc4 15. Qxc4+ Kh8 1/2-1/2

[Event "4NCL/Div3/OXF3 vs. AMCAH"]
[Site "Staverton Park ENG"]
[Date "2009.02.08"]
[Round "6.5"]
[White "Foster, Chantelle"]
[Black "O'Neill, Tom C"]
[Result "0-1"]
[WhiteElo "1600"]
[BlackElo "1532"]
[PlyCount "76"]
[EventDate "2009.02.08"]
[SourceDate "2008.10.04"]

1. e4 c5 2. Nf3 d6 3. d4 cxd4 4. Nxd4 Nf6 5. Nc3 a6 6. Be3 e5 7. Nb3 Be7 8. f3
Be6 9. Nd5 Nbd7 10. Qd2 Bxd5 11. exd5 e4 12. fxe4 Nxe4 13. Qb4 Ndf6 14. Qxb7
O-O 15. Bxa6 Ng4 16. Bd4 Re8 17. Bb5 Bh4+ 18. Kf1 Re7 19. Qb6 Qc8 20. Bd3 Rb8
21. Ba6 Qf5+ 22. Ke2 Rxb6 23. Bxb6 Ng3+ 24. Kd2 Bg5+ 25. Kc3 Bf6+ 26. Kb4 Re4+
27. Ka3 Nxh1 28. Rxh1 Qxd5 29. Bd3 Re5 30. Na5 Ne3 31. Re1 Nxc2+ 32. Bxc2 Rxe1
33. Bb3 Qxg2 34. Ka4 Bxb2 35. Nc4 Qc6+ 36. Ka5 Bc3+ 37. Ka6 Re8 38. Ka7 Ra8#
0-1

[Event "4NCL/Div3/LIT3 vs. WOB"]
[Site "Staverton Park ENG"]
[Date "2009.02.08"]
[Round "6.1"]
[White "Turvey, Steven"]
[Black "Harley-Yeo, Gareth"]
[Result "1-0"]
[WhiteElo "1915"]
[BlackElo "2044"]
[PlyCount "61"]
[EventDate "2009.02.08"]
[SourceDate "2008.10.04"]

1. e4 c5 2. Nf3 e6 3. d4 cxd4 4. Nxd4 Nc6 5. Be3 a6 6. Be2 Qc7 7. O-O Nf6 8.
Nd2 d5 9. Bf3 Ne5 10. exd5 Nxf3+ 11. N4xf3 Nxd5 12. Bg5 Ne7 13. Ne4 Nf5 14. Qd2
Nd6 15. Rad1 h6 16. Bh4 g5 17. Nxd6+ Bxd6 18. Qxd6 Qxd6 19. Rxd6 gxh4 20. Rfd1
Ke7 21. Nxh4 b5 22. Nf3 Ra7 23. Ne5 Rc7 24. c3 Rg8 25. f4 h5 26. Kf2 Kf6 27. g3
Kf5 28. Rd8 Rg7 29. Rh8 f6 30. Rxh5+ Ke4 31. Rd4# 1-0